[Event "Pamela Chu"]
[Site "http://www.queenalice.com/game.php?id=1064151"]
[Date "2012.5.26"]
[Round "-"]
[White "tulsam"]
[Black "paguilera"]
[Result "0-1"]
[WhiteElo "1313"]
[BlackElo "1267"]

1. g3 d5 2. Bg2 e5 3. e3 Nf6 4. Qe2 Bg4 5. f3 Be6 6. d4 Nc6 7. b3 Bb4+ 8. Bd2 a5
9. f4 e4 10. a3 Bxd2+ 11. Nxd2 a4 12. b4 Bg4 13. Qb5 Bd7 14. Qxb7 Ra7 15. Qb5
Nxd4 16. Qf1 Nxc2+ 17. Kf2 Ng4+ 18. Ke2 Ngxe3 19. Qf2 Bg4+ 20. Bf3 Bxf3+ 21.
Ngxf3 Nxa1 22. Rxa1 Ng4 23. Qxa7 exf3+ 24. Nxf3 O-O 25. Qxa4 Re8+ 26. Kf1 Ne3+
27. Kg1 Ng4 28. Re1 Rxe1+ 29. Nxe1 g6 30. b5 Qe8 31. Qa5 Qe3+ 32. Kg2 Qf2+ 33.
Kh3 h5 34. Ng2 Qg1 35. Kh4 Qxh2+ 36. Kg5 Qxg2 37. Qa8+ Kg7 38. f5 f6+ 39. Kf4
Qe4# 0-1

[Event "Challenge"]
[Site "http://www.queenalice.com/game.php?id=1065162"]
[Date "2012.5.28"]
[Round "-"]
[White "paguilera"]
[Black "tulsam"]
[Result "0-1"]
[WhiteElo "1301"]
[BlackElo "1295"]

1. e4 g6 2. Nc3 Bg7 3. d4 e6 4. Nf3 d5 5. a4 c6 6. e5 Nd7 7. Bd3 Qe7 8. h4 f6 9.
Bd2 fxe5 10. Bg5 Qb4 11. dxe5 Qxb2 12. h5 Qxc3+ 13. Ke2 gxh5 14. Rxh5 h6 15. Bf4
c5 16. Qh1 Ne7 17. Bxh6 Bxh6 18. Rxh6 Rxh6 19. Qxh6 Nxe5 20. Nxe5 Qxe5+ 21. Kd2
Qxa1 22. Qh5+ Kd7 23. g4 c4 24. Bh7 c3+ 25. Kd3 b6 26. g5 Ba6+ 27. Ke3 Qxa4 0-1

[Event "Pamela chu"]
[Site "http://www.queenalice.com/game.php?id=1065251"]
[Date "2012.5.29"]
[Round "-"]
[White "tulsam"]
[Black "paguilera"]
[Result "1-0"]
[WhiteElo "1311"]
[BlackElo "1285"]

1. g3 e5 2. Bg2 Bc5 3. e4 Qf6 4. Nf3 g5 5. d4 exd4 6. Bxg5 Qd6 7. Qe2 h6 8. Bf4
d3 9. cxd3 Bb4+ 10. Nbd2 Qc6 11. Nd4 Qa4 12. Bxc7 Bxd2+ 13. Qxd2 Qxd4 14. Qc3
Qxc3+ 15. bxc3 Na6 16. Bf4 Nf6 17. Be5 Ke7 18. O-O Nc5 19. Rad1 Rd8 20. Bd4 b6
21. e5 Rb8 22. exf6+ Kf8 23. Rfe1 Ba6 24. h4 Nxd3 25. Re3 Nb2 26. Rb1 Nc4 27.
Ree1 Re8 28. g4 Nd2 29. Rbd1 Re2 30. Rxe2 Bxe2 31. Rxd2 Re8 32. g5 h5 33. Bd5 a5
34. f4 b5 35. Bc5+ Kg8 36. g6 Kh8 37. gxf7 Rc8 38. f8=Q+ 1-0

[Event "Pamela Chu"]
[Site "http://www.queenalice.com/game.php?id=1065354"]
[Date "2012.5.29"]
[Round "-"]
[White "paguilera"]
[Black "tulsam"]
[Result "1/2-1/2"]
[WhiteElo "1270"]
[BlackElo "1326"]

1. e4 g6 2. Qf3 Bg7 3. Bc4 e6 4. d4 c6 5. e5 d5 6. Bd3 Qe7 7. h4 c5 8. Bg5 f6 9.
exf6 Nxf6 10. h5 gxh5 11. Rxh5 cxd4 12. Bxh7 Rf8 13. Bg6+ Kd7 14. Rh7 Qb4+ 15.
c3 dxc3 16. Rxg7+ Kc6 17. Nxc3 Nbd7 18. Rc1 Qxb2 19. Nge2 Kc7 20. Na4+ Qxc1+ 21.
Nxc1 Ne4 22. Qe3 Rf5 23. f4 b6 24. Bxf5 exf5 25. Nc3 Bb7 26. Nxe4 dxe4 27. Qd4
Bc6 28. Qe5+ Kb7 29. Qxf5 Rc8 30. a4 a5 31. g4 e3 32. Qd3 Re8 33. f5 Kc8 34.
Bxe3 Nc5 35. Qf1 Rxe3+ 36. Ne2 Bf3 37. Rg8+ Kb7 38. Rg7+ 1/2-1/2

[Event "Pamela Chu"]
[Site "http://www.queenalice.com/game.php?id=1065359"]
[Date "2012.5.29"]
[Round "-"]
[White "paguilera"]
[Black "tulsam"]
[Result "1-0"]
[WhiteElo "1272"]
[BlackElo "1324"]

1. e4 g6 2. Qf3 Bg7 3. Bc4 e6 4. c3 c6 5. d4 d5 6. Bb3 Qe7 7. Nd2 c5 8. h4 Bd7
9. h5 gxh5 10. Qxh5 Nf6 11. Qf3 dxe4 12. Nxe4 e5 13. Nxc5 exd4+ 14. Ne2 Qxc5 15.
Nxd4 Qe5+ 16. Be3 Bg4 17. Ba4+ Nc6 18. Nxc6 bxc6 19. Qxc6+ Ke7 20. O-O Ne4 21.
f4 Qf6 22. Qxe4+ Qe6 23. Bc5+ Kf6 24. Bd4+ Ke7 25. Qb7+ Kf8 26. Qxa8+ Ke7 27.
Qxa7+ Kd6 28. Qc5# 1-0

[Event "Pamela Chu"]
[Site "http://www.queenalice.com/game.php?id=1065706"]
[Date "2012.5.29"]
[Round "-"]
[White "paguilera"]
[Black "tulsam"]
[Result "0-1"]
[WhiteElo "1290"]
[BlackElo "1306"]

1. e4 g6 2. Bc4 e6 3. Qf3 Bg7 4. c3 Qe7 5. d4 d5 6. exd5 exd5+ 7. Be2 Nf6 8. Bg5
h6 9. Bxf6 Bxf6 10. Qxd5 O-O 11. Nf3 Re8 12. O-O c6 13. Qb3 Nd7 14. Bd3 b5 15.
Re1 Qf8 16. Bxg6 Rxe1+ 17. Nxe1 c5 18. Na3 Rb8 19. dxc5 Nxc5 20. Qc4 bxc4 21.
Bc2 Bb7 22. Nf3 Qg7 23. Nxc4 Bxf3 24. Ne3 Re8 25. g3 Ne6 26. Re1 Ng5 27. Kf1 h5
28. Nf5 Qf8 29. Nh6+ Kg7 30. Nf5+ Kh8 31. h4 Be4 32. Nd6 Qxd6 33. hxg5 Bd3+ 34.
Bxd3 Qxd3+ 35. Kg1 Rxe1+ 36. Kg2 Bxg5 37. c4 h4 38. gxh4 Bxh4 39. f3 Rf1 40. Kh3
Qg6 41. Kh2 Qg3# 0-1

[Event "Pamela Chu"]
[Site "http://www.queenalice.com/game.php?id=1066663"]
[Date "2012.6.1"]
[Round "-"]
[White "paguilera"]
[Black "tulsam"]
[Result "0-1"]
[WhiteElo "1275"]
[BlackElo "1321"]

1. e4 g6 2. Qf3 Bg7 3. Bc4 e6 4. c3 c6 5. d4 d5 6. exd5 cxd5 7. Bb5+ Bd7 8. a4
Qe7 9. b4 e5 10. Ne2 exd4 11. cxd4 Bxd4 12. Ra3 Qxb4+ 13. Nd2 Nc6 14. O-O Nge7
15. Nf4 a6 16. Bd3 Ne5 17. Nxd5 Qc5 18. Nb3 Nxf3+ 19. gxf3 Qxd5 20. Nd2 Bh3 21.
Re1 Qg5+ 22. Kh1 Qg2# 0-1

[Event "Pamela Chu"]
[Site "http://www.queenalice.com/game.php?id=1066677"]
[Date "2012.6.1"]
[Round "-"]
[White "paguilera"]
[Black "tulsam"]
[Result "0-1"]
[WhiteElo "1261"]
[BlackElo "1335"]

1. e4 g6 2. Qf3 Bg7 3. Nc3 e6 4. Bc4 c6 5. d3 Ne7 6. Bg5 O-O 7. Nh3 f6 8. Be3 f5
9. exf5 Nxf5 10. Qe4 d5 11. Bb6 axb6 12. Qg4 dxc4 13. Qxc4 b5 14. Qe4 b4 15.
Qxb4 Nd4 16. O-O-O Na6 17. Qa4 Qb6 18. b3 Bd7 19. Qc4 Nb4 20. Kb2 Rxa2+ 21. Nxa2
Ndxc2+ 22. Kb1 Na3+ 23. Kc1 Nxc4 24. dxc4 Nxa2+ 25. Kb1 Qxb3# 0-1

[Event "Pamela CHU"]
[Site "http://www.queenalice.com/game.php?id=1066679"]
[Date "2012.6.1"]
[Round "-"]
[White "paguilera"]
[Black "tulsam"]
[Result "1-0"]
[WhiteElo "1248"]
[BlackElo "1348"]

1. e4 g6 2. e5 Bg7 3. Nf3 e6 4. Nc3 d6 5. d4 b6 6. Nb5 a6 7. Nc3 c5 8. Bg5 f6 9.
exf6 Bxf6 10. d5 Bxg5 11. dxe6 Bf6 12. Bc4 Qe7 13. O-O Bxe6 14. Re1 Qf7 15. Bxe6
Qc7 16. Bd5+ Ne7 17. Bxa8 b5 18. Nd5 Kf7 19. Nxc7 Nd7 20. Qxd6 Nf5 21. Qxd7+ Ne7
22. Nd5 Rxa8 23. Nxf6 Kxf6 24. Qxe7+ Kf5 25. Qe4+ Kf6 26. Qxa8 g5 27. Re5 1-0

[Event "Pamela Chu"]
[Site "http://www.queenalice.com/game.php?id=1068015"]
[Date "2012.6.4"]
[Round "-"]
[White "tulsam"]
[Black "paguilera"]
[Result "0-1"]
[WhiteElo "1347"]
[BlackElo "1268"]

1. g3 e5 2. Bg2 d5 3. e3 Nc6 4. c3 Nf6 5. Qe2 a6 6. d4 Bg4 7. f3 Be6 8. f4 e4 9.
Nd2 b5 10. b3 b4 11. c4 Bg4 12. Qf1 h5 13. cxd5 Nxd5 14. h3 Nxe3 15. Qf2 Qxd4
16. hxg4 Nc2+ 17. Kf1 Nxa1 18. Qxd4 Nxd4 19. Bb2 Rd8 20. Bxa1 Nc2 21. Bxe4 Nxa1
22. Bc6+ Ke7 23. Ngf3 Rd3 24. Ke2 Rd6 25. Rc1 hxg4 26. Ne5 Rh2+ 27. Ke1 Rdxd2
28. Rxa1 Kf6 29. Nxg4+ Ke7 30. Nxh2 Rxh2 31. Rd1 Rg2 32. Rd7+ Ke6 33. Rxc7 Rxg3
34. Be8 Kd6 35. Rxf7 Re3+ 0-1

[Event "Challenge"]
[Site "http://www.queenalice.com/game.php?id=1068654"]
[Date "2012.6.6"]
[Round "-"]
[White "MONSTERXADREZ"]
[Black "paguilera"]
[Result "1-0"]
[WhiteElo "1520"]
[BlackElo "1233"]

1. d4 d5 2. Nc3 Nf6 3. Nf3 Nc6 4. Bf4 Nh5 5. Be3 f6 6. Qd2 a6 7. g3 g5 8. Bg2
Nb4 9. O-O g4 10. Ne1 e6 11. a3 Nc6 12. b4 b5 13. f3 Rg8 14. Bh6 e5 15. Qe3 Nxd4
16. fxg4 Bxg4 17. Rf2 Qd7 18. Nxd5 Rc8 19. h3 1-0

[Event "Clodo Chu"]
[Site "http://www.queenalice.com/game.php?id=1068657"]
[Date "2012.6.6"]
[Round "-"]
[White "paguilera"]
[Black "clodoaldopaiva2012"]
[Result "0-1"]
[WhiteElo "1284"]
[BlackElo "1277"]

1. e4 b6 2. Bc4 Bb7 3. Qf3 e6 4. Nc3 Qe7 5. h4 f5 6. exf5 exf5+ 7. Qe2 g6 8.
Qxe7+ Nxe7 9. Rh3 Bh6 10. Nf3 Na6 11. d4 d5 12. Ne5 dxc4 13. Bxh6 Nb4 14. Kd2
O-O-O 15. Nxc4 Rxd4+ 16. Ke2 Rxc4 17. Rd1 Ba6 18. Ke1 Nxc2+ 19. Kf1 Rxc3+ 20.
Kg1 Rc6 21. Rc1 Nd5 22. Bg7 Re8 23. h5 Nf4 24. Rg3 Ne2+ 0-1

[Event "Challenge"]
[Site "http://www.queenalice.com/game.php?id=1068659"]
[Date "2012.6.6"]
[Round "-"]
[White "paguilera"]
[Black "MONSTERXADREZ"]
[Result "0-1"]
[WhiteElo "1238"]
[BlackElo "1501"]

1. e4 e5 2. Nf3 Nc6 3. c3 Nf6 4. Bd3 b6 5. h3 Bb7 6. Na3 Be7 7. Qb3 d6 8. Ng5
O-O 9. Bc4 d5 10. Be2 dxe4 11. d3 h6 12. Nxe4 Nxe4 13. Bh5 g6 14. Bxg6 Ng5 15.
f4 exf4 16. Be4 Na5 17. Qd1 c5 0-1

[Event "6x5"]
[Site "http://www.queenalice.com/game.php?id=1068683"]
[Date "2012.6.6"]
[Round "-"]
[White "clodoaldopaiva2012"]
[Black "paguilera"]
[Result "1-0"]
[WhiteElo "1266"]
[BlackElo "1256"]

1. g3 e5 2. Bg2 d5 3. Nh3 Nf6 4. d3 d4 5. O-O c6 6. c3 b5 7. b3 h5 8. e3 Bg4 9.
f3 Bxh3 10. Bxh3 dxe3 11. Bxe3 Nd5 12. Bd2 b4 13. c4 Nf6 14. a3 bxa3 15. b4 Qd4+
16. Kg2 Qxa1 17. b5 a2 18. Qa4 axb1=Q 19. Rxb1 Qxb1 20. bxc6 Qxd3 21. c7+ Nbd7
22. Qa5 Qxc4 23. Bg5 Rc8 24. f4 Rxc7 25. fxe5 Qe2+ 26. Kg1 Rc5 27. Qxa7 Rxe5 28.
Bxf6 Qe1+ 29. Kg2 Re2+ 30. Kf3 Rd2 31. Qa8+ Nb8 32. Qxb8+ Rd8 33. Qxd8# 1-0

[Event "Challenge"]
[Site "http://www.queenalice.com/game.php?id=1068847"]
[Date "2012.6.6"]
[Round "-"]
[White "Rogerio11"]
[Black "paguilera"]
[Result "1-0"]
[WhiteElo "1268"]
[BlackElo "1228"]

1. e4 e5 2. Bc4 Qh4 3. g3 Qxe4+ 4. Ne2 Qxh1+ 5. Ng1 Qxg1+ 6. Ke2 Qxh2 7. Nc3 Bc5
8. Kd3 Qxf2 9. Nd5 Qxg3+ 10. Ke4 Nf6+ 11. Nxf6+ 1-0

[Event "Challenge"]
[Site "http://www.queenalice.com/game.php?id=1069190"]
[Date "2012.6.7"]
[Round "-"]
[White "tulsam"]
[Black "paguilera"]
[Result "1-0"]
[WhiteElo "1369"]
[BlackElo "1268"]

1. g3 c6 2. Bg2 d5 3. c3 e5 4. e3 Nf6 5. Qe2 h5 6. d4 e4 7. f3 Bf5 8. Nd2 Nbd7
9. c4 Qa5 10. Kf1 c5 11. Nb3 exf3 12. Qxf3 g6 13. Nxa5 cxd4 14. cxd5 Ng4 15. Nc4
Bd3+ 16. Ke1 Bxc4 17. Qe4+ Nde5 18. Qxd4 Rc8 19. h3 Bb4+ 20. Bd2 Nd3+ 21. Kf1
Bxd2 22. hxg4 Ne5+ 23. Ne2 Nd3 24. Qxh8+ Kd7 25. Qf6 Bxe3 26. Qf3 Ne5 27. Qxe3
Nxg4 28. Qg5 Re8 29. Re1 Ne3+ 30. Kg1 Nf5 31. d6 Kxd6 32. Qf4+ Kd7 33. Qxc4 Nxg3
34. Rd1+ Ke7 35. Nxg3 Kf8 36. Bxb7 a5 37. Qc5+ Kg8 38. Rd7 Re1+ 39. Kh2 1-0

[Event "OS INCLIVEIS"]
[Site "http://www.queenalice.com/game.php?id=1070827"]
[Date "2012.6.11"]
[Round "-"]
[White "adelio"]
[Black "paguilera"]
[Result "1-0"]
[WhiteElo "1668"]
[BlackElo "1240"]

1. b3 d5 2. g3 e5 3. Bb2 Bc5 4. Bxe5 Nc6 5. Bxg7 f6 6. Bxh8 Bf5 7. Bg2 a5 8. Nc3
d4 9. Ne4 Qd5 10. Nxf6+ Nxf6 11. Bxd5 Nxd5 12. e4 Bxe4 13. Qh5+ Kd8 14. f3 Bxf3
15. Qxf3 Kd7 16. Qxd5+ Ke7 17. Qxc5+ Kd7 18. Qf5+ Kd6 19. Qxh7 Re8+ 20. Kd1 d3
21. Qxd3+ 1-0

[Event "ViejoMañoso-01"]
[Site "http://www.queenalice.com/game.php?id=1081452"]
[Date "2012.7.11"]
[Round "-"]
[White "paguilera"]
[Black "clodoaldopaiva2012"]
[Result "0-1"]
[WhiteElo "1214"]
[BlackElo "1356"]

1. e4 d5 2. exd5 Qxd5 3. Qf3 e6 4. b3 Qe5+ 5. Ne2 Qxa1 6. Nbc3 Ba3 7. g3 e5 8.
Qe4 Bxc1 9. Qxe5+ Be6 10. Nxc1 Qxc1+ 11. Ke2 Nf6 12. Qxc7 Nbd7 13. Qxb7 O-O 14.
Bg2 Qxc2 15. Qb4 Rfe8 16. Bxa8 Bd5+ 17. Ne4 Rxe4+ 18. Kf3 Rxb4+ 0-1

[Event "ViejoMañoso-02"]
[Site "http://www.queenalice.com/game.php?id=1084277"]
[Date "2012.7.19"]
[Round "-"]
[White "paguilera"]
[Black "clodoaldopaiva2012"]
[Result "1/2-1/2"]
[WhiteElo "1204"]
[BlackElo "1366"]

1. e4 g6 2. Bc4 e6 3. h4 c6 4. d4 b5 5. Bg5 Qa5+ 6. Qd2 Qxd2+ 7. Nxd2 bxc4 8.
Nxc4 h6 9. Bf4 Bg7 10. e5 Ne7 11. Ne2 Ba6 12. b3 Nd5 13. Nd6+ Kf8 14. Bg3 Nb4
15. O-O Bxe2 16. Rfc1 Kg8 17. c4 Bf8 18. a3 Nd3 19. Rc3 Na6 20. Ra2 Bg4 21. Rxd3
c5 22. f3 Bf5 23. Rd1 Rb8 24. Ne4 Be7 25. b4 d5 26. Nf6+ Kg7 27. Nd7 Rb7 28.
Nxc5 Rb6 29. b5 Nxc5 30. dxc5 Bxc5+ 31. Kh1 g5 32. cxd5 Rxb5 33. dxe6 Bxe6 34.
Rc2 Bb3 35. Rb2 Bxa3 36. Rxb3 Rxb3 37. Rd7 g4 38. e6 Kf6 39. Rxf7+ Kxe6 40. Rxa7
gxf3 41. Ra6+ Kd5 42. Ra5+ Kc4 43. Ra4+ Kb5 44. Rf4 fxg2+ 45. Kxg2 Rg8 46. Rf5+
Bc5 47. Rf3 Rb2+ 48. Kh3 Be7 49. Rf5+ Kc6 50. Bf4 Rb3+ 51. Kh2 Bd6 52. Rf6 Re8
53. Rxd6+ Kc5 54. Rd2 Re4 55. Rc2+ Kb5 56. Rc8 Re2+ 57. Kg1 Rb4 58. Rb8+ Ka4 59.
Rxb4+ Kxb4 60. Bxh6 Re4 61. Bg5 Re8 62. Kf2 Kc4 63. Kf3 Kd5 64. Kf4 Re4+ 1/2-1/2

[Event "Challenge"]
[Site "http://www.queenalice.com/game.php?id=1084727"]
[Date "2012.7.20"]
[Round "-"]
[White "paguilera"]
[Black "clodoaldopaiva2012"]
[Result "1-0"]
[WhiteElo "1210"]
[BlackElo "1377"]

1. e4 g6 2. Nc3 Bg7 3. Bc4 e6 4. Nf3 Nh6 5. d4 f5 6. e5 d6 7. Bf4 d5 8. Bb5+ c6
9. Bd3 Qb6 10. Na4 Qb4+ 11. Nc3 Qxb2 12. Bd2 Na6 13. Qb1 Qa3 14. Ng5 Nb4 15. Qb3
Qxb3 16. axb3 b6 17. g3 a5 18. O-O O-O 19. f4 Ba6 20. Nxe6 Nxd3 21. cxd3 Rf7 22.
Rf3 Ng4 23. h3 Nh6 24. Ne2 b5 25. Bxa5 Bc8 26. Nc5 Bf8 27. b4 Be7 28. e6 Rg7 29.
Rc1 g5 30. Nd7 g4 31. hxg4 fxg4 32. Re3 Nf5 33. Re5 Nd6 34. Rxc6 h5 35. Bc7 h4
36. Rxd5 h3 37. Rxb5 Nxb5 38. Kh2 Ra2 39. Be5 Rg6 40. Rxc8+ Kh7 41. Rh8# 1-0

[Event "Challenge"]
[Site "http://www.queenalice.com/game.php?id=1089253"]
[Date "2012.8.1"]
[Round "-"]
[White "clodoaldopaiva2012"]
[Black "paguilera"]
[Result "1-0"]
[WhiteElo "1354"]
[BlackElo "1233"]

1. e4 e5 2. Nf3 Nc6 3. d4 exd4 4. Nxd4 Qe7 5. Nc3 Nf6 6. Bd3 a6 7. Nd5 Nxd5 8.
O-O Ndb4 9. Bc4 b5 10. Bd5 Qc5 11. Be3 Bd6 12. Qf3 Ne5 13. Qg3 Nc4 14. Qxg7 Rf8
15. Bh6 Ne5 16. Be3 Rb8 17. Nf5 Qxc2 18. Bh6 Qxb2 19. Nxd6+ Ke7 20. Qxf8+ Kf6
21. Nxf7 Ng6 22. Bg7# 1-0